000 00365nam a2200133 i 4500
001 bg
100 1 _aHWAŁEK, Stanisław
245 0 _aStan naprężeń i odkształceń górotworu w otoczeniu wyrobisk górniczych /
_cStanisław Hwałek.
260 _aLublin,
_c1979.
040 _cBPK
041 _apol
942 _cKS
008 s pl f |000 0 pol
999 _c19498
_d19498
856 _uhttp://koha.tu.koszalin.pl/cgi-bin/koha/opac-detail.pl?biblionumber=19498
_yKatalog online BPK